Crítica del pensamiento crítico
Сохранить в:
| Главный автор: | |
|---|---|
| Соавтор: | |
| Формат: | Текст |
| Опубликовано: |
San José:
s.e.
|
| Метки: |
Добавить метку
Нет меток, Требуется 1-ая метка записи!
|
MARC
| LEADER | 00000 a a2200000 04500 | ||
|---|---|---|---|
| 001 | 22374 | ||
| 003 | |||
| 040 | |||
| 090 | |a 152400 | ||
| 100 | |a Molina Jiménez, Carlos | ||
| 110 | |a Universidad Nacional | ||
| 245 | |a Crítica del pensamiento crítico | ||
| 260 | |a San José: |b s.e. | ||
| 300 | |a 65 p | ||
| 999 | |c 3455 |d 3455 | ||
